Statistics for Football - Leading Goalscorers for England by First Letter

Click here to take the quiz!

General Stats

  • This quiz has been taken 122 times
    (66 since last reset)
  • The average score is 9 of 25

Answer Stats

LetterGoalsPLAYER% Correct
R53(Wayne) Rooney
94%
S30(Alan) Shearer
83%
K22(Harry) Kane
75%
L48(Gary) Lineker
74%
O40(Michael) Owen
70%
C49(Bobby) Charlton
66%
G44(Jimmy) Greaves
45%
H24(Geoff) Hurst
40%
I2(Paul) Ince
40%
D20(Jermain) Defoe
38%
Y7(Ashley) Young
36%
J5(David) Johnson
32%
J5(Tosh) Johnson
32%
F30(Tom) Finney
23%
P27(David) Platt
19%
A7(Darren) Anderton
17%
V7(Jamie) Vardy
17%
U2(Matthew) Upson
17%
E5(Duncan) Edwards
15%
T16(Tommy) Taylor
13%
M23(Stan) Mortenson
8%
B28(Steve) Bloomer
4%
W28(Vivian) Woodward
4%
N5(Phil) Neal
2%
Q1(Alf) Quantrill
0%

Score Distribution

Percentile by Number Answered

Percent of People with Each Score

Your Score History

You have not taken this quiz since the last reset